L'apres - Socialisme

Shranjeno v:
Bibliografske podrobnosti
Glavni avtor: Touraine, Alain
Format: Knjiga
Jezik:Undetermined
Izdano: Paris Bernard Grasset 1980
Teme:
Oznake: Označite
Brez oznak, prvi označite!
Thư viện lưu trữ: Trung tâm Học liệu Trường Đại học Cần Thơ
LEADER 00463nam a2200181Ia 4500
001 CTU_79574
008 210402s9999 xx 000 0 und d
082 |a 335 
082 |b T727 
100 |a Touraine, Alain 
245 0 |a L'apres - Socialisme 
245 0 |c Alain Touraine 
260 |a Paris 
260 |b Bernard Grasset 
260 |c 1980 
650 |a Social history,Socialism 
650 |y 1945- 
980 |a Trung tâm Học liệu Trường Đại học Cần Thơ